Statystyki dla Hrabstwa Anglii

Kliknij tutaj aby rozwiązać quiz!

Ogólne statystyki

  • Ten quiz został rozwiązany 1 379 razy
  • Średni wynik to 11 z 48

Odpowiedzi na mapie

Odpowiedzi skodowane kolorowo w zielono-czerwonej skali na mapie do tego quizu, zgodnie z poniższymi procentami.
 

Statystyki odpowiedzi

Hrabstwo% Poprawnych
City of London
82%
Wielki Londyn
69%
Greater Manchester
58%
North Yorkshire
55%
Kornwalia
37%
Oxfordshire
37%
Essex
36%
Cambridgeshire
32%
Kent
32%
Leicestershire
29%
Bristol
28%
Nottinghamshire
27%
Norfolk
22%
Devon
21%
Hampshire
21%
South Yorkshire
21%
Lincolnshire
19%
Cheshire
18%
Derbyshire
18%
East Riding of
Yorkshire
17%
East Sussex
17%
Gloucestershire
17%
Lancashire
17%
Suffolk
17%
West Yorkshire
17%
Worcestershire
17%
Buckinghamshire
16%
Merseyside
16%
West Sussex
16%
Isle of Wight
15%
Northamptonshire
15%
Northumberland
15%
West Midlands
15%
Tyne and Wear
14%
Berkshire
13%
Dorset
13%
Kumbria
13%
Somerset
13%
Surrey
13%
Bedfordshire
12%
Durham
12%
Herefordshire
12%
Hertfordshire
12%
Shropshire
12%
Staffordshire
12%
Warwickshire
12%
Rutland
11%
Wiltshire
10%

Rozkład punktacji

Percentyl według liczby udzielonych odpowiedzi

Procent ludzi z każdym wynikiem

Twoja historia wyników

Nie rozwiązałeś tego quizu